[Event "Pereira Fiestas de la Cosecha op"]
[Site "Pereira"]
[Date "2023.08.27"]
[Round "6"]
[White "Cuellar, Jose Gabriel"]
[Black "Mateus, Martha"]
[Result "0-1"]
[WhiteElo "1638"]
[BlackElo "1955"]
[PlyCount "56"]
[EventDate "2023.08.24"]
[EventType "swiss"]
[EventRounds "7"]
[EventCountry "COL"]
[SourceTitle "EXT 2024"]
[Source "ChessBase"]
[SourceDate "2023.10.10"]
[SourceVersion "1"]
[SourceVersionDate "2023.10.10"]
[SourceQuality "1"]

1. Nf3 Nf6 2. c4 e6 3. d3 d5 4. Nbd2 c6 5. g3 Bd6 6. Bg2 Qe7 7. b3 e5 8. e4 dxe4 9. dxe4 0-0 10. 0-0 Bg4 11. a3 a5 12. Qc2 Nbd7 13. Ne1 Be2 14. Nd3 Bxf1 15. Nxf1 Nc5 16. Nxc5 Bxc5 17. Ne3 g6 18. Qe2 Rfd8 19. Ng4 Nxg4 20. Qxg4 Qd7 21. Qxd7 Rxd7 22. Bf3 Rd3 23. Kg2 Rxb3 24. h4 Rd8 25. Be2 Kg7 26. g4 Bd4 27. Ra2 Bc5 28. g5 Rb1 0-1

[Event "Bogota El Tablazo op-B"]
[Site "Bogota"]
[Date "2022.06.27"]
[Round "6.14"]
[White "Ortiz, Jairo"]
[Black "Cuellar, Jose Gabriel"]
[Result "1-0"]
[WhiteElo "1842"]
[BlackElo "1665"]
[PlyCount "101"]
[EventDate "2022.06.24"]
[EventType "swiss"]
[EventRounds "7"]
[EventCountry "COL"]
[SourceTitle "EXT 2024"]
[Source "ChessBase"]
[SourceDate "2023.10.10"]
[SourceVersion "1"]
[SourceVersionDate "2023.10.10"]
[SourceQuality "1"]

1. c4 Nf6 2. Nf3 g6 3. g3 Bg7 4. Bg2 d6 5. d4 Nbd7 6. Nc3 c5 7. 0-0 cxd4 8. Nxd4 0-0 9. b3 a6 10. Bb2 e5 11. Nc2 Qe7 12. Nb4 Nc5 13. Nbd5 Qd8 14. Nxf6+ Bxf6 15. Nd5 Bg7 16. Qd2 Re8 17. Rad1 Bf8 18. Bc3 Rb8 19. Kh1 b6 20. f4 f5 21. fxe5 dxe5 22. e4 Bg7 23. Qf2 Rf8 24. Qe2 Nxe4 25. Bxe4 fxe4 26. Rxf8+ Qxf8 27. Qxe4 Bf5 28. Qe3 Bg4 29. Re1 Bf3+ 30. Kg1 e4 31. Bb4 Qd8 32. Bc3 Bxc3 33. Qxc3 Kf7 34. Qe5 Rc8 35. Qf4+ Kg7 36. Qe5+ Kh6 37. h4 Rc6 38. Ne7 Rd6 39. Ng8+ Qxg8 40. Qxd6 Qg7 41. Qf4+ g5 42. hxg5+ Qxg5 43. Qxg5+ Kxg5 44. Kf2 Kg4 45. Rg1 Kf5 46. Ke3 h5 47. Rc1 Ke5 48. b4 Bg4 49. a4 Bf3 50. c5 bxc5 51. Rxc5+ 1-0

[Event "IBCA Pan American-ch 9th"]
[Site "Pereira"]
[Date "2021.12.02"]
[Round "7"]
[White "Daza, Fernando"]
[Black "Cuellar, Jose Gabriel"]
[Result "1/2-1/2"]
[WhiteElo "1851"]
[BlackElo "1595"]
[PlyCount "72"]
[EventDate "2021.11.29"]
[EventType "swiss"]
[EventRounds "7"]
[EventCountry "COL"]
[SourceTitle "EXT 2023"]
[Source "ChessBase"]
[SourceDate "2022.10.05"]
[SourceVersion "1"]
[SourceVersionDate "2022.10.05"]
[SourceQuality "1"]

1. d4 Nf6 2. Bg5 g6 3. e3 Bg7 4. Bd3 d6 5. Nd2 Nbd7 6. c3 c5 7. Qe2 b6 8. Ngf3 Bb7 9. 0-0 0-0 10. Rfe1 Re8 11. h3 Qc7 12. Ba6 Bc6 13. Bb5 Bb7 14. Ba6 Bc6 15. Rac1 e5 16. e4 exd4 17. cxd4 Nxe4 18. Nxe4 Bxe4 19. dxc5 dxc5 20. Bb5 Bb7 21. Qxe8+ Rxe8 22. Rxe8+ Nf8 23. Rd1 Bc6 24. Bxc6 Qxc6 25. Rdd8 f6 26. Rc8 Qd5 27. Bxf6 Bxf6 28. Rxf8+ Kg7 29. b3 b5 30. Rfe8 c4 31. bxc4 bxc4 32. Rc7+ Kh6 33. Rec8 c3 34. Rxa7 Qd1+ 35. Kh2 Qd3 36. Kg1 Qb5 1/2-1/2

[Event "IBCA Pan American-ch 9th"]
[Site "Pereira"]
[Date "2021.12.01"]
[Round "5"]
[White "Cuellar, Jose Gabriel"]
[Black "Torres, Saulo de Jesus"]
[Result "1-0"]
[WhiteElo "1595"]
[BlackElo "1765"]
[PlyCount "91"]
[EventDate "2021.11.29"]
[EventType "swiss"]
[EventRounds "7"]
[EventCountry "COL"]
[SourceTitle "EXT 2023"]
[Source "ChessBase"]
[SourceDate "2022.10.05"]
[SourceVersion "1"]
[SourceVersionDate "2022.10.05"]
[SourceQuality "1"]

1. d4 Nf6 2. Bf4 e6 3. e3 b6 4. Nf3 Bb7 5. Nbd2 d6 6. h3 Nbd7 7. c3 g6 8. Be2 Bg7 9. 0-0 0-0 10. Qc2 Qe7 11. Bg5 c5 12. Rad1 cxd4 13. exd4 h6 14. Bh4 Rac8 15. Nc4 Bxf3 16. gxf3 g5 17. Bg3 e5 18. dxe5 dxe5 19. Nd6 Rc6 20. Nf5 Qe6 21. Nxg7 Kxg7 22. Kg2 Nh5 23. Bb5 Rd6 24. Rxd6 Qxd6 25. Rd1 Qf6 26. Rxd7 Kg8 27. Bc4 Kg7 28. Rxa7 Kg8 29. Rd7 Kg7 30. Ra7 Kh8 31. Qe4 Nf4+ 32. Kh2 h5 33. Ra8 Rxa8 34. Qxa8+ Kg7 35. Qe4 Ng6 36. Kg2 h4 37. Bh2 Kh6 38. Bd3 Kg7 39. Qf5 Qe7 40. Qg4 Nf8 41. f4 e4 42. Bc4 f6 43. fxg5 fxg5 44. Qf5 Ng6 45. Qe6 Qb7 46. Bd5 1-0

[Event "Bogota Mentes op"]
[Site "Bogota"]
[Date "2019.09.18"]
[Round "5"]
[White "Cuellar, Jose Gabriel"]
[Black "Malagon Guzman, Juan Daniel"]
[Result "1/2-1/2"]
[WhiteElo "1679"]
[BlackElo "1268"]
[PlyCount "53"]
[EventDate "2019.09.16"]
[EventType "swiss"]
[EventRounds "5"]
[EventCountry "COL"]
[SourceTitle "CBM 192 Extra"]
[Source "Chessbase"]
[SourceDate "2019.11.06"]
[SourceVersion "1"]
[SourceVersionDate "2019.11.06"]
[SourceQuality "1"]

1. d4 d5 2. Bf4 e6 3. e3 c5 4. c3 Nc6 5. Nf3 Nf6 6. Nbd2 cxd4 7. exd4 Be7 8. h3 b6 9. Bb5 Bd7 10. Bd3 0-0 11. Ne5 Rc8 12. Ndf3 Ne8 13. g4 f6 14. Nxd7 Qxd7 15. g5 fxg5 16. Bxg5 Rxf3 17. Bxe7 Rxd3 18. Qxd3 Qxe7 19. f3 Nf6 20. Rg1 Rf8 21. 0-0-0 Qd6 22. Kb1 e5 23. Qe3 exd4 24. cxd4 Qd7 25. h4 Qf5+ 26. Qd3 Qxd3+ 27. Rxd3 1/2-1/2

[Event "COL-chD"]
[Site "Bogota"]
[Date "2019.08.31"]
[Round "5"]
[White "Bautista Chiquillo, Leidy Johanna"]
[Black "Cuellar, Jose Gabriel"]
[Result "1-0"]
[WhiteElo "1587"]
[BlackElo "1652"]
[PlyCount "91"]
[EventDate "2019.08.28"]
[EventType "swiss"]
[EventRounds "7"]
[EventCountry "COL"]
[SourceTitle "EXT 2020"]
[Source "ChessBase"]
[SourceDate "2019.10.17"]
[SourceVersion "1"]
[SourceVersionDate "2019.10.17"]
[SourceQuality "1"]

1. b3 g6 2. Nc3 Nf6 3. Bb2 Bg7 4. Nf3 c6 5. Ne4 0-0 6. Nxf6+ Bxf6 7. e3 d5 8. Be2 Nd7 9. h4 Ne5 10. h5 Re8 11. hxg6 fxg6 12. d3 Bf5 13. Qd2 c5 14. 0-0-0 Be6 15. Nxe5 Bxe5 16. Rh2 Qc7 17. Rdh1 h5 18. e4 d4 19. g3 b5 20. c4 bxc4 21. dxc4 Rf8 22. Kc2 Kf7 23. f4 Ke8 24. Rf1 Kd8 25. Rhf2 Bh3 26. Rh1 Bd7 27. Bd3 a5 28. f5 g5 29. Ra1 a4 30. Rff1 Qb6 31. Rfb1 a3 32. Bc1 Bf6 33. Kd1 Qb4 34. Qxb4 cxb4 35. Bd2 Rb8 36. Rc1 Kc7 37. c5 Bb5 38. Ke2 Bxd3+ 39. Kxd3 Kc6 40. Rc4 Rb5 41. Bxb4 Ra8 42. Rac1 g4 43. Bd2 Rh8 44. Ra4 Bg5 45. Ra6+ Kc7 46. Bxg5 1-0

[Event "COL visually impaired 14th"]
[Site "Armenia"]
[Date "2018.11.12"]
[Round "6.4"]
[White "Cuellar, Jose Gabriel"]
[Black "Munoz, Mauricio"]
[Result "0-1"]
[WhiteElo "1673"]
[BlackElo "1679"]
[PlyCount "66"]
[EventDate "2018.11.09"]
[EventType "swiss"]
[EventRounds "6"]
[EventCountry "COL"]
[SourceTitle "EXT 2024"]
[Source "ChessBase"]
[SourceDate "2023.10.10"]
[SourceVersion "1"]
[SourceVersionDate "2023.10.10"]
[SourceQuality "1"]

1. d4 d5 2. Nf3 Nf6 3. c3 c6 4. Bf4 Bf5 5. h3 h6 6. e3 e6 7. Nbd2 Be7 8. Be2 0-0 9. g4 Bh7 10. g5 hxg5 11. Nxg5 Bf5 12. h4 c5 13. Ndf3 Nc6 14. h5 cxd4 15. exd4 Bd6 16. Ne5 Bxe5 17. dxe5 Ne4 18. Rg1 d4 19. Nxe4 Bxe4 20. Bh6 Kh7 21. Bxg7 Rg8 22. h6 dxc3 23. Qa4 Bg6 24. Rd1 cxb2 25. Qb3 Qb6 26. Bd3 Qxb3 27. Bxg6+ fxg6 28. axb3 Nd4 29. Kf1 Nxb3 30. Kg2 Nc1 31. Rd7 g5 32. Rf7 b1Q 33. Bf8+ Kh8 0-1

[Event "Bogota Mayores Alcaldia op 8th"]
[Site "Bogota"]
[Date "2018.06.10"]
[Round "4"]
[White "Ramirez, Francisco Javier"]
[Black "Cuellar, Jose Gabriel"]
[Result "1-0"]
[WhiteElo "1949"]
[BlackElo "1689"]
[PlyCount "77"]
[EventDate "2018.06.08"]
[EventType "swiss"]
[EventRounds "7"]
[EventCountry "COL"]
[SourceTitle "CBM 184 Extra"]
[Source "ChessBase"]
[SourceDate "2018.06.28"]
[SourceVersion "1"]
[SourceVersionDate "2018.06.28"]
[SourceQuality "1"]

1. e4 e6 2. d4 d5 3. e5 c5 4. c3 Ne7 5. Nf3 Nec6 6. Be3 Nd7 7. Nbd2 Be7 8. Bd3 h6 9. 0-0 0-0 10. Re1 f5 11. exf6 Rxf6 12. Nf1 c4 13. Bc2 Bd6 14. Rc1 Ne7 15. Bb1 Nf5 16. Qc2 Rg6 17. Ng3 Bxg3 18. hxg3 Qf6 19. Nh4 Nxh4 20. gxh4 Nf8 21. Qe2 Qxh4 22. Bxg6 Nxg6 23. Qf3 Qf6 24. Qxf6 gxf6 25. Bxh6 e5 26. f3 Bf5 27. g4 Bd3 28. dxe5 fxe5 29. Kf2 e4 30. f4 Re8 31. Ke3 Kf7 32. Rh1 b6 33. Rh5 Ne7 34. Bg5 Nc6 35. Rh7+ Ke6 36. Rch1 Kd6 37. R1h6+ Re6 38. Rxe6+ Kxe6 39. f5+ 1-0

[Event "COL-ch Amateur U1700"]
[Site "Bogota"]
[Date "2018.02.17"]
[Round "5.52"]
[White "Vanegas, Mateo de Jesus"]
[Black "Cuellar, Jose Gabriel"]
[Result "0-1"]
[WhiteElo "1466"]
[BlackElo "1685"]
[PlyCount "74"]
[EventDate "2018.02.15"]
[EventType "swiss"]
[EventRounds "7"]
[EventCountry "COL"]
[SourceTitle "EXT 2024"]
[Source "ChessBase"]
[SourceDate "2023.10.10"]
[SourceVersion "1"]
[SourceVersionDate "2023.10.10"]
[SourceQuality "1"]

1. e4 e6 2. d4 d5 3. Nc3 Nf6 4. e5 Nfd7 5. Bb5 c6 6. Bf1 Be7 7. g3 h6 8. Bg2 c5 9. Nge2 Nc6 10. Be3 cxd4 11. Bxd4 0-0 12. f4 b6 13. Qd2 Ba6 14. 0-0-0 Rc8 15. Kb1 Bc5 16. a3 Qc7 17. Rc1 Nxd4 18. Nxd4 Bxa3 19. Ndb5 Bxb5 20. Nxb5 Qc5 21. Nxa3 b5 22. Qd3 a6 23. c3 Nb6 24. Nc2 Nc4 25. Qd4 Qc7 26. Rhe1 a5 27. Ne3 Rb8 28. Nxc4 bxc4 29. Qd1 Rb3 30. Re2 Rfb8 31. Rcc2 a4 32. Qd2 a3 33. Rf2 Qb6 34. Bf3 d4 35. Qxd4 Qxd4 36. cxd4 c3 37. Bd1 axb2 0-1

[Event "COL-chT Cup"]
[Site "Bogota"]
[Date "2015.06.06"]
[Round "2.4"]
[White "Cuellar, Jose Gabriel"]
[Black "Gutierrez, Carlos"]
[Result "0-1"]
[WhiteElo "1683"]
[BlackElo "1839"]
[PlyCount "42"]
[EventDate "2015.06.06"]
[EventType "team-swiss"]
[EventRounds "6"]
[EventCountry "COL"]
[SourceTitle "CBM 166 Extra"]
[Source "ChessBase"]
[SourceDate "2015.06.18"]
[SourceVersion "1"]
[SourceVersionDate "2015.06.18"]
[SourceQuality "1"]
[WhiteTeam "Paralimpica Cun"]
[BlackTeam "Bogota MI Junior"]
[WhiteTeamCountry "COL"]
[BlackTeamCountry "COL"]

1. d4 Nf6 2. Nf3 g6 3. Bf4 Bg7 4. e3 0-0 5. Bd3 d6 6. 0-0 Na6 7. h3 b6 8. Nbd2 c5 9. c3 Bb7 10. Qe2 Nc7 11. Rae1 cxd4 12. exd4 Re8 13. Bc4 Nfd5 14. Be3 e5 15. dxe5 dxe5 16. Ng5 Rc8 17. Qf3 Rf8 18. Qe2 Nxe3 19. Qxe3 Nd5 20. Bxd5 Qxd5 21. Nge4 f5 0-1

[Event "Bogota Distrital-ch 77th"]
[Site "Bogota"]
[Date "2015.05.01"]
[Round "2"]
[White "Manrique, Fernando"]
[Black "Cuellar, Jose Gabriel"]
[Result "1-0"]
[WhiteElo "1974"]
[BlackElo "1696"]
[PlyCount "71"]
[EventDate "2015.04.30"]
[EventType "swiss"]
[EventRounds "7"]
[EventCountry "COL"]
[SourceTitle "CBM 166 Extra"]
[Source "ChessBase"]
[SourceDate "2015.06.18"]
[SourceVersion "1"]
[SourceVersionDate "2015.06.18"]
[SourceQuality "1"]

1. e4 c5 2. Nf3 d6 3. d4 cxd4 4. Nxd4 Nf6 5. Nc3 a6 6. Bg5 e6 7. f4 Be7 8. Qf3 Nc6 9. Nxc6 bxc6 10. e5 dxe5 11. fxe5 Nd5 12. Bxe7 Qxe7 13. Ne4 0-0 14. c3 Bd7 15. Bd3 f5 16. Nd6 Qg5 17. 0-0 Qe3+ 18. Qxe3 Nxe3 19. Rfe1 Nd5 20. Rad1 a5 21. c4 Nf4 22. Bc2 Be8 23. g3 Nh3+ 24. Kg2 Ng5 25. h4 Nf7 26. Ba4 Rd8 27. Nxf7 Rxd1 28. Nh6+ gxh6 29. Rxd1 Kf7 30. Rd6 Rg8 31. Bxc6 Bxc6+ 32. Rxc6 Rd8 33. Rd6 Rb8 34. b3 a4 35. Rd3 axb3 36. axb3 1-0

[Event "Tercer Piso op"]
[Site "Tercer Piso"]
[Date "2015.03.23"]
[Round "6"]
[White "Parada Beltran, Laura Valentina"]
[Black "Cuellar, Jose Gabriel"]
[Result "1-0"]
[WhiteElo "1211"]
[BlackElo "1698"]
[PlyCount "79"]
[EventDate "2015.03.21"]
[EventType "swiss"]
[EventRounds "7"]
[EventCountry "COL"]
[SourceTitle "CBM 165 Extra"]
[Source "ChessBase"]
[SourceDate "2015.04.21"]
[SourceVersion "1"]
[SourceVersionDate "2015.04.21"]
[SourceQuality "1"]

1. e4 c5 2. Nf3 Nc6 3. Bc4 e6 4. Nc3 d6 5. d3 Nf6 6. Bg5 Be7 7. Bb5 Bd7 8. 0-0 a6 9. Bxc6 Bxc6 10. Re1 e5 11. Qd2 0-0 12. Qe3 Ne8 13. Nd5 Bxd5 14. exd5 f5 15. Bxe7 Qxe7 16. c3 f4 17. Qe4 Nf6 18. Qc4 b5 19. Qb3 Nh5 20. d4 e4 21. dxc5 e3 22. Kf1 dxc5 23. d6+ Qf7 24. Qxf7+ Rxf7 25. Ne5 Rff8 26. Nc6 Rac8 27. Ne7+ Kf7 28. Nxc8 Rxc8 29. fxe3 fxe3 30. Rxe3 Nf6 31. Re7+ Kf8 32. Ra7 Rc6 33. d7 Rd6 34. Ke2 Nxd7 35. Rf1+ Ke7 36. Rd1 Re6+ 37. Kf3 Rf6+ 38. Ke2 Re6+ 39. Kd2 Rd6+ 40. Kc2 1-0